Solar desalination: design, perfomances, economics

Guardat en:
Dades bibliogràfiques
Autors principals: Mustacchi, Carlo (Autor), Cena, Vincenzo (Autor)
Format: Llibre
Idioma:anglès
Publicat: Urbino Sogesta 1981
Col·lecció:Permanent School on Solar Energy Processes
Matèries:
Etiquetes: Afegir etiqueta
Sense etiquetes, Sigues el primer a etiquetar aquest registre!

MARC

LEADER 00000nam a2200000 a 4500
001 UCV6072
003 CL-VaPUC
005 20220628113706.0
008 910508e19810000IT |||||||||||||||||eng|d
999 |c 212319  |d 212317 
040 |c Pontificia Universidad Católica de Valparaíso 
082 0 4 |a 621.47  |b MUS  |2 21 
100 |a Mustacchi, Carlo  |e author  |9 300309 
245 1 0 |a Solar desalination: design, perfomances, economics 
260 |a Urbino  |b Sogesta  |c 1981 
300 |a 101 p 
490 0 |a Permanent School on Solar Energy Processes 
583 |a last modification  |c 19910508 00:00:00  |k Rodrigo Vera 
650 7 |a ENERGIA SOLAR APLICACIONES INDUSTRIALES  |2 CL-VaPUC  |9 300311 
700 0 |a Cena, Vincenzo  |e author  |9 300310 
942 |c BK  |2 ddc 
945 |d 19910508 00:00:00 
952 |0 0  |1 0  |4 0  |6 621_470000000000000_MUS_1981  |7 0  |8 A  |9 193123  |a BIBING  |b BIBING  |d 2019-11-14  |i 2607719  |o 621.47 MUS 1981  |p 2607719  |r 2025-01-20  |w 2019-11-14  |y BK  |k EIB